Statistics for UK Emigration by Country

Click here to take the quiz!

General Stats

  • This quiz has been taken 639 times
    (507 since last reset)
  • The average score is 22 of 30

Answer Stats

PopulationCountry% Correct
678,000United States
99%
1,300,000Australia
96%
603,000Canada
96%
32,000India
95%
1,050,000Spain
94%
3,752,000China
93%
115,000Germany
93%
400,000France
91%
291,000Ireland
91%
26,000Italy
89%
215,000New Zealand
89%
38,000Portugal
85%
212,000South Africa
84%
23,000Japan
81%
44,000Netherlands
81%
18,000Sweden
81%
26,000Greece
76%
28,000Belgium
75%
47,000Pakistan
75%
45,000Switzerland
71%
34,000Turkey
67%
55,000United Arab Emirates
57%
41,000Thailand
55%
44,000Israel
54%
26,000Saudi Arabia
52%
45,000Singapore
49%
26,000Jamaica
44%
59,000Cyprus
36%
29,000Kenya
34%
27,000Barbados
19%

Score Distribution

Percentile by Number Answered

Percent of People with Each Score

Your Score History

You have not taken this quiz since the last reset